| 000 | 00764nam a2200193 a 4500 | ||
|---|---|---|---|
| 003 | 0 | ||
| 005 | 20250225105649.0 | ||
| 008 | 101013s19uu xx 00 eng d | ||
| 050 |
_aPHS DS 686.6.B66 _b.G31 2010 |
||
| 100 | _aGeronimo, Katrina Maria Alexandra P. | ||
| 245 |
_aAssessment of Andres Bonifacio's contributions to the Philippine revolution (1896-1898) / _cKatrina Maria Alexandra P. Geronimo. |
||
| 260 |
_aLas PiƱas City, Philippines : _bSouthville International School and Colleges, _c2010. |
||
| 300 |
_a36 pages ; _c30 cm. |
||
| 504 | _aIncludes bibliographical references. | ||
| 650 | _aBonifacio, Andres, 1863-1897. | ||
| 650 | _aPhilippine Revolution, 1896-1898. | ||
| 650 |
_aPhilippines _xHistory _vRevolution, 1896-1898. |
||
| 942 |
_2lcc _cPASS |
||
| 999 |
_c98409 _d98409 |
||